[Event "TSV Schott Mainz-SpVgg 1946 Stetten"]
[Site "Osnabrück"]
[Date "2012.12.28"]
[Round "3.1"]
[White "Wisheckel, Lena"]
[Black "Endress, Anna"]
[Result "0-1"]
[WhiteElo "1876"]
[BlackElo "2143"]
[PlyCount "66"]
[EventDate "2012.??.??"]
[WhiteTeam "SpVgg 1946 Stetten"]
[BlackTeam "TSV Schott Mainz"]

1. d4 d5 2. Nc3 Nf6 3. Bg5 Nbd7 4. f3 e6 5. e4 Be7 6. e5 Ng8 7. Be3 a6 8. Qd2
c5 9. Nge2 Qc7 10. f4 Nh6 11. h3 Nf5 12. Bf2 b5 13. g3 Nb6 14. b3 cxd4 15. Bxd4
Nxd4 16. Qxd4 Bc5 17. Qd3 Bb7 18. Bg2 b4 19. Nd1 O-O 20. Nf2 Rac8 21. Rc1 Nd7
22. O-O Qb6 23. c4 bxc3 24. Nxc3 a5 25. Qf3 Be3 26. Rc2 Bc6 27. Re1 d4 28. Nce4
Bxe4 29. Qxe4 Rxc2 30. Qxc2 d3 31. Qb2 d2 32. Rf1 Bxf2+ 33. Kh2 Qe3 0-1

[Event "TSV Schott Mainz-SpVgg 1946 Stetten"]
[Site "Osnabrück"]
[Date "2012.12.28"]
[Round "3.2"]
[White "Frey, Alisa"]
[Black "Mehling, Franziska"]
[Result "1-0"]
[WhiteElo "2053"]
[BlackElo "1713"]
[PlyCount "45"]
[EventDate "2012.??.??"]
[WhiteTeam "TSV Schott Mainz"]
[BlackTeam "SpVgg 1946 Stetten"]

1. e4 c5 2. Nf3 d6 3. d4 cxd4 4. Nxd4 Nf6 5. Nc3 a6 6. f3 e6 7. Be3 b5 8. g4 h6
9. Qd2 Nbd7 10. O-O-O Bb7 11. h4 Ne5 12. Qe1 Qa5 13. a3 Rc8 14. Rh3 Nfd7 15. g5
Nc4 16. Bxc4 Rxc4 17. g6 f6 18. Nxe6 Ne5 19. f4 Bc8 20. f5 Bxe6 21. fxe6 Nxg6
22. Qg1 Qc7 23. Bb6 1-0

[Event "TSV Schott Mainz-SpVgg 1946 Stetten"]
[Site "Osnabrück"]
[Date "2012.12.28"]
[Round "3.4"]
[White "Voss, Chantal"]
[Black "Bosse, Lea"]
[Result "1-0"]
[WhiteElo "1821"]
[BlackElo "1622"]
[PlyCount "51"]
[EventDate "2012.??.??"]
[WhiteTeam "TSV Schott Mainz"]
[BlackTeam "SpVgg 1946 Stetten"]

1. d4 Nf6 2. c4 e6 3. g3 Bb4+ 4. Bd2 Qe7 5. Bg2 Nc6 6. Bc3 Bxc3+ 7. bxc3 O-O 8.
e4 e5 9. Ne2 exd4 10. cxd4 Nxe4 11. O-O Re8 12. Nf4 Nf6 13. Nc3 Nb4 14. Qd2 c6
15. Rfe1 Qd8 16. Rxe8+ Nxe8 17. Rb1 Na6 18. d5 Qc7 19. Re1 Nd6 20. Qd4 b6 21.
Nh5 f6 22. Qg4 g6 23. Nxf6+ Kg7 24. Qh4 h5 25. Re7+ Nf7 26. Ne8+ 1-0

[Event "SC Ladja Roßdorf-USG Chemnitz"]
[Site "Osnabrück"]
[Date "2012.12.28"]
[Round "3.1"]
[White "Nguyen Minh, Thuy"]
[Black "Schulz, Anja"]
[Result "1/2-1/2"]
[WhiteElo "1976"]
[BlackElo "2066"]
[PlyCount "45"]
[EventDate "2012.??.??"]
[WhiteTeam "USG Chemnitz"]
[BlackTeam "SC Ladja Roßdorf"]

1. e4 c5 2. d3 Nc6 3. g3 g6 4. Bg2 Bg7 5. f4 e6 6. Nf3 Nge7 7. O-O O-O 8. c3 d6
9. Na3 a6 10. Nc2 b5 11. Be3 Rb8 12. a3 c4 13. d4 d5 14. e5 a5 15. Bd2 Ba6 16.
Rf2 Qb6 17. g4 Bc8 18. g5 Nf5 19. Bh3 Nce7 20. Bg4 Bd7 21. Bh3 Bc8 22. Bg4 Bd7
23. Bh3 1/2-1/2

[Event "SC Ladja Roßdorf-USG Chemnitz"]
[Site "Osnabrück"]
[Date "2012.12.28"]
[Round "3.2"]
[White "Tran, My Linh"]
[Black "Blübaum, Johanna"]
[Result "1-0"]
[WhiteElo "2002"]
[BlackElo "1804"]
[PlyCount "107"]
[EventDate "2012.??.??"]
[WhiteTeam "SC Ladja Roßdorf"]
[BlackTeam "USG Chemnitz"]

1. e4 e6 2. d4 d5 3. Nc3 Nf6 4. exd5 exd5 5. Bd3 Bb4 6. Nge2 Bg4 7. O-O c6 8.
f3 Bh5 9. Ng3 O-O 10. Nf5 Nbd7 11. Ne2 Re8 12. Neg3 Bg6 13. c3 Bf8 14. Bg5 Qb6
15. Qd2 Re6 16. Kh1 Rae8 17. c4 dxc4 18. Bxc4 Nd5 19. Qf2 Qb4 20. Bd3 h6 21.
Bd2 Qb6 22. a3 c5 23. Bc4 N7f6 24. Bc3 Ne3 25. Bxe6 Nxf1 26. Bxf7+ Bxf7 27.
Rxf1 Nd5 28. dxc5 Bxc5 29. Bd4 Bxd4 30. Qxd4 Qxd4 31. Nxd4 Ne3 32. Rc1 Nc4 33.
h3 Rd8 34. Ndf5 Rd7 35. Rc2 b5 36. Re2 Kh7 37. Kh2 Bg6 38. Rf2 a6 39. Re2 Bf7
40. Ne4 Rd5 41. Ne3 Nxe3 42. Rxe3 Kg6 43. Rc3 a5 44. Rc6+ Kh7 45. Rc7 Kg6 46.
Rb7 Be8 47. Rb6+ Kh7 48. Rb7 Kg6 49. Kg3 Rd3 50. Rb8 Kf7 51. Nc3 Ke7 52. Nxb5
Rb3 53. Rb7+ Kd8 54. Nd6 1-0

[Event "SC Ladja Roßdorf-USG Chemnitz"]
[Site "Osnabrück"]
[Date "2012.12.28"]
[Round "3.4"]
[White "Görisch, Annika"]
[Black "Scheibe, Lydia"]
[Result "0-1"]
[WhiteElo "825"]
[BlackElo "1105"]
[PlyCount "82"]
[EventDate "2012.??.??"]
[WhiteTeam "SC Ladja Roßdorf"]
[BlackTeam "USG Chemnitz"]

1. e4 e5 2. g3 Nf6 3. Bg2 Bc5 4. Nf3 Nc6 5. O-O d5 6. exd5 Nxd5 7. d3 h6 8. b3
O-O 9. Bb2 Re8 10. Nc3 Be6 11. Ne4 Bd6 12. Nxd6 Qxd6 13. Re1 Bf5 14. Qd2 Re6
15. Nh4 Bh7 16. Bh3 Re7 17. Bf5 Qd8 18. Bh3 Qe8 19. Ba3 Rd7 20. Bxd7 Qxd7 21.
c4 Nf6 22. Nf3 Re8 23. Rad1 Bf5 24. Nh4 Bh3 25. Ng2 Nd4 26. Re3 Qc6 27. f3
Nxf3+ 28. Rxf3 Qxf3 29. Rf1 Qc6 30. Rf2 Bg4 31. Qa5 a6 32. Qc5 Qd7 33. Bb2 Qxd3
34. Qxc7 Qb1+ 35. Rf1 Qxb2 36. Rf2 Qa1+ 37. Rf1 Qxa2 38. Qxb7 Rd8 39. c5 Rd2
40. Qa8+ Kh7 41. b4 Bh3 0-1

[Event "Dortmunder SV 1875-SC 1979 Hattersheim"]
[Site "Osnabrück"]
[Date "2012.12.28"]
[Round "3.2"]
[White "Friese, Sarah"]
[Black "Rosmanitz, Anna"]
[Result "1-0"]
[WhiteElo "1560"]
[BlackElo "1377"]
[PlyCount "57"]
[EventDate "2012.??.??"]
[WhiteTeam "Dortmunder SV 1875"]
[BlackTeam "SC 1979 Hattersheim"]

1. e4 e5 2. Nf3 Nc6 3. Bb5 f5 4. d3 Nf6 5. Nbd2 Bc5 6. exf5 O-O 7. Ne4 Bb6 8.
Bg5 d6 9. Nxf6+ gxf6 10. Bh6 Rf7 11. Bxc6 bxc6 12. g4 Kh8 13. Qd2 Qe7 14. O-O-O
Bb7 15. Nh4 Rg8 16. Rhg1 d5 17. Rg2 Bc5 18. Rdg1 Rg5 19. Bxg5 fxg5 20. Nf3 h6
21. Re1 Qf6 22. Nxe5 Re7 23. Ng6+ Kg7 24. Nxe7 Ba3 25. c3 Bxe7 26. Re6 Qf8 27.
h4 Kh7 28. h5 Kg8 29. f6 1-0

[Event "Dortmunder SV 1875-SC 1979 Hattersheim"]
[Site "Osnabrück"]
[Date "2012.12.28"]
[Round "3.3"]
[White "Goldhausen, Nina"]
[Black "Finke, Lara"]
[Result "0-1"]
[WhiteElo "1093"]
[BlackElo "1501"]
[PlyCount "86"]
[EventDate "2012.??.??"]
[WhiteTeam "SC 1979 Hattersheim"]
[BlackTeam "Dortmunder SV 1875"]

1. c4 e5 2. Nc3 Nf6 3. g3 Bc5 4. Bg2 O-O 5. e3 d6 6. Nge2 Nc6 7. O-O Bd7 8. Kh1
Qc8 9. Ng1 Re8 10. d3 Bb6 11. a3 a5 12. Bd2 Bf5 13. e4 Bd7 14. Be3 Nd4 15. Nce2
Bg4 16. Rb1 Ba7 17. Qd2 Nxe2 18. Nxe2 Bh3 19. Bxh3 Qxh3 20. Ng1 Qd7 21. Bxa7
Rxa7 22. f4 exf4 23. Rxf4 Raa8 24. Rbf1 Re7 25. Qe2 Rae8 26. g4 h6 27. h4 Nh7
28. Qg2 f6 29. Nh3 Re5 30. d4 R5e7 31. R1f3 Rxe4 32. Rxe4 Rxe4 33. Rf4 Rxf4 34.
Nxf4 c6 35. d5 c5 36. Kg1 Qe8 37. Qf1 Qe3+ 38. Kh1 Qe4+ 39. Kg1 Qd4+ 40. Kh1
Qxb2 41. Qf3 Qc1+ 42. Kh2 Qxc4 43. Ne2 b5 0-1

[Event "Dortmunder SV 1875-SC 1979 Hattersheim"]
[Site "Osnabrück"]
[Date "2012.12.28"]
[Round "3.4"]
[White "Büttner, Sarah"]
[Black "Heyd, Julia"]
[Result "1-0"]
[WhiteElo "1461"]
[BlackElo "885"]
[PlyCount "99"]
[EventDate "2012.??.??"]
[WhiteTeam "Dortmunder SV 1875"]
[BlackTeam "SC 1979 Hattersheim"]

1. d4 d5 2. c4 e6 3. Nc3 Nf6 4. Bg5 Be7 5. Nf3 O-O 6. e3 Re8 7. Bd3 Nbd7 8. O-O
Nf8 9. Qb3 c6 10. Rac1 Ne4 11. Bxe7 Rxe7 12. Bxe4 dxe4 13. Nxe4 Ng6 14. Rfd1
Rd7 15. c5 Nh4 16. Ne5 Re7 17. Nd6 f6 18. Nec4 b5 19. Nd2 Qf8 20. a4 a6 21. Ra1
Bb7 22. Nxb7 Rxb7 23. Qxe6+ Qf7 24. Qxf7+ Rxf7 25. axb5 cxb5 26. b4 Rc8 27.
Rxa6 Ng6 28. Ne4 Rfc7 29. Nd6 Rd8 30. Rda1 h6 31. Ra8 Rxa8 32. Rxa8+ Kh7 33.
Ra5 Ne7 34. Rxb5 Nd5 35. Kf1 Ra7 36. Ra5 Rc7 37. b5 Rd7 38. Ra1 Rd8 39. Rb1 Rb8
40. Ke2 Nc3+ 41. Kd3 Nxb1 42. c6 Rd8 43. c7 Rxd6 44. c8=Q Rd5 45. b6 Ra5 46. b7
Ra3+ 47. Ke4 Nd2+ 48. Kf4 g5+ 49. Kg4 Kg6 50. Qg8# 1-0

[Event "TTC Grün-Weiß Fritzdorf-SC Réti Heusweil"]
[Site "Osnabrück"]
[Date "2012.12.28"]
[Round "3.1"]
[White "Sonnhalter, Stella"]
[Black "Bachem, Sabrina"]
[Result "1-0"]
[WhiteElo "1817"]
[BlackElo "1408"]
[PlyCount "45"]
[EventDate "2012.??.??"]
[WhiteTeam "SC Réti Heusweiler"]
[BlackTeam "TTC Grün-Weiß Fritzdorf"]

1. e4 c5 2. Nc3 d6 3. f4 Nc6 4. Nf3 e6 5. Bc4 Nf6 6. Qe2 Be7 7. d3 a6 8. a4 Bd7
9. O-O O-O 10. Bd2 Qc7 11. Qf2 Ne8 12. Rae1 Na5 13. Ba2 b5 14. f5 b4 15. fxe6
fxe6 16. Nd5 Qd8 17. Nf4 Nc7 18. Qg3 Bf6 19. e5 dxe5 20. Nxe5 Bxe5 21. Rxe5 Qe7
22. Rfe1 Nc6 23. Nxe6 1-0

[Event "TTC Grün-Weiß Fritzdorf-SC Réti Heusweil"]
[Site "Osnabrück"]
[Date "2012.12.28"]
[Round "3.3"]
[White "Brühan, Caren"]
[Black "Sturm, Johanna"]
[Result "1/2-1/2"]
[WhiteElo "1446"]
[BlackElo "1430"]
[PlyCount "48"]
[EventDate "2012.??.??"]
[WhiteTeam "SC Réti Heusweiler"]
[BlackTeam "TTC Grün-Weiß Fritzdorf"]

1. d4 Nf6 2. Nf3 g6 3. e3 Bg7 4. Be2 d6 5. O-O O-O 6. c4 Nbd7 7. Nc3 e5 8. dxe5
dxe5 9. Qc2 Qe7 10. b3 Rd8 11. Bb2 Nc5 12. Rfd1 Bf5 13. Qc1 Nd3 14. Bxd3 Bxd3
15. Nxe5 Qxe5 16. Nd5 Qd6 17. Rxd3 Nxd5 18. Rxd5 Bxb2 19. Rxd6 Bxc1 20. Rxd8+
Rxd8 21. Rxc1 Rd2 22. Ra1 Kf8 23. g4 Ke7 24. Kg2 Ke6 1/2-1/2

[Event "SF Paderborn 2000-Chemnitzer SC Aufbau'9"]
[Site "Osnabrück"]
[Date "2012.12.28"]
[Round "3.1"]
[White "Kaden, Romy"]
[Black "Höschen, Franziska"]
[Result "1-0"]
[WhiteElo "1628"]
[BlackElo "1572"]
[PlyCount "53"]
[EventDate "2012.??.??"]
[WhiteTeam "Chemnitzer SC Aufbau'95"]
[BlackTeam "SF Paderborn 2000"]

1. e4 c5 2. c3 Nc6 3. Nf3 g6 4. d4 cxd4 5. cxd4 Bg7 6. Be3 e6 7. Nc3 d5 8. e5
Nge7 9. Bg5 h6 10. Bf4 O-O 11. h4 Bd7 12. Qd2 Kh7 13. Rc1 Rc8 14. g4 Qb6 15.
Bd3 Nxd4 16. Nxd4 f5 17. exf6 Bxf6 18. Be3 e5 19. Nf5 d4 20. Bxd4 exd4 21.
Qxh6+ Kg8 22. Nxe7+ Kf7 23. Bxg6+ Kxe7 24. Nd5+ Kd6 25. Nxb6 Rxc1+ 26. Qxc1
axb6 27. g5 1-0

[Event "SF Paderborn 2000-Chemnitzer SC Aufbau'9"]
[Site "Osnabrück"]
[Date "2012.12.28"]
[Round "3.3"]
[White "Fischer, Franziska"]
[Black "Höschen, Annika"]
[Result "1-0"]
[WhiteElo "1561"]
[BlackElo "1169"]
[PlyCount "65"]
[EventDate "2012.??.??"]
[WhiteTeam "Chemnitzer SC Aufbau'95"]
[BlackTeam "SF Paderborn 2000"]

1. d4 f5 2. e3 Nf6 3. Bd3 g6 4. f4 Bg7 5. Nf3 d6 6. Nbd2 Be6 7. O-O Bf7 8. c3
O-O 9. Qe1 Nc6 10. Ng5 Kh8 11. Nxf7+ Rxf7 12. Nf3 h6 13. Qg3 Ne4 14. Bxe4 fxe4
15. Qxg6 Qe8 16. Qxe4 e5 17. Bd2 exf4 18. Qxe8+ Rxe8 19. exf4 Re2 20. Rae1 Rfe7
21. Rxe2 Rxe2 22. Re1 Rxe1+ 23. Nxe1 Ne7 24. Kf2 Kg8 25. Kf3 Kf7 26. g4 Kg6 27.
f5+ Kf6 28. Kf4 h5 29. g5+ Kf7 30. Nf3 Nd5+ 31. Ke4 c6 32. g6+ Kf6 33. Bg5# 1-0

[Event "SF Paderborn 2000-Chemnitzer SC Aufbau'9"]
[Site "Osnabrück"]
[Date "2012.12.28"]
[Round "3.4"]
[White "Unger, Lina"]
[Black "Hartewig, Anja"]
[Result "0-1"]
[WhiteElo "1099"]
[BlackElo "1611"]
[PlyCount "82"]
[EventDate "2012.??.??"]
[WhiteTeam "SF Paderborn 2000"]
[BlackTeam "Chemnitzer SC Aufbau'95"]

1. e4 d6 2. d3 Nf6 3. Nf3 g6 4. g3 Bg7 5. Bg2 Nbd7 6. O-O O-O 7. Nc3 c5 8. b3
Nxe4 9. dxe4 Bxc3 10. Rb1 Rb8 11. Qd3 Bg7 12. Be3 b5 13. Qd2 Bb7 14. Bh6 Bxe4
15. Ne1 Bxg2 16. Kxg2 Qc7 17. Nf3 Qc6 18. Bxg7 Kxg7 19. Qc3+ Ne5 20. Rfe1 b4
21. Qe3 Qxf3+ 22. Qxf3 Nxf3 23. Kxf3 Rfe8 24. Ra1 a5 25. a3 Kf6 26. axb4 axb4
27. Rac1 Rec8 28. Re2 c4 29. Re3 d5 30. Ke2 e5 31. Kd2 Ra8 32. Rf3+ Kg7 33. Re1
f6 34. Rb1 Ra3 35. Re3 Ra2 36. h3 cxb3 37. Rexb3 Rcxc2+ 38. Ke1 Rxf2 39. Rxb4
Rh2 40. Rb7+ Kh6 41. Rd7 Rh1# 0-1

[Event "SC Leipzig-Lindenau-SG Blau-Weiß 1948 Le"]
[Site "Osnabrück"]
[Date "2012.12.28"]
[Round "3.2"]
[White "Spangenberg, Romy"]
[Black "Reyher, Susan"]
[Result "1/2-1/2"]
[WhiteElo "1623"]
[BlackElo "1332"]
[PlyCount "43"]
[EventDate "2012.??.??"]
[WhiteTeam "SC Leipzig-Lindenau"]
[BlackTeam "SG Blau-Weiß 1948 Leegebruch"]

1. e4 e5 2. Nf3 Nc6 3. d4 exd4 4. Nxd4 Bc5 5. Be3 Bb6 6. Bc4 Nge7 7. Nc3 d6 8.
O-O Bd7 9. f4 Ng6 10. Nd5 O-O 11. Nxb6 axb6 12. Qf3 Ra4 13. b3 Ra5 14. Nxc6
Bxc6 15. Bd2 Ra8 16. a4 Re8 17. Rae1 Qe7 18. Bd5 Bxd5 19. exd5 Qf6 20. c4 Qd4+
21. Be3 Qb2 22. Bc1 1/2-1/2

[Event "TSV Schott Mainz-SpVgg 1946 Stetten"]
[Site "Osnabrück"]
[Date "2012.12.28"]
[Round "3.3"]
[White "Mehling, Katharina"]
[Black "Schwarz, Larissa"]
[Result "1-0"]
[WhiteElo "1728"]
[BlackElo "1873"]
[PlyCount "85"]
[EventDate "2012.??.??"]
[WhiteTeam "SpVgg 1946 Stetten"]
[BlackTeam "TSV Schott Mainz"]

1. d4 Nf6 2. Nc3 d5 3. Bg5 Nbd7 4. f3 h6 5. Bh4 c5 6. e4 dxe4 7. fxe4 Qa5 8.
Qd2 cxd4 9. Bxf6 Nxf6 10. Bb5+ Bd7 11. Bxd7+ Nxd7 12. Qxd4 e5 13. Qd5 Qxd5 14.
Nxd5 Rc8 15. O-O-O Rc4 16. Re1 Nc5 17. Nf3 Nd3+ 18. Kb1 Nxe1 19. Rxe1 Bd6 20.
Nh4 O-O 21. Nf5 Rd8 22. b3 Rc5 23. Re3 Kh7 24. g4 Rdc8 25. Nxd6 R8c6 26. Nc4 f6
27. Rd3 b5 28. Nce3 a5 29. Kb2 Rc8 30. h4 Ra8 31. a3 Ra7 32. h5 Rc6 33. Nf5 Re6
34. Nh4 Rc6 35. Ng6 Ra8 36. Nde7 Rc7 37. Rd5 Rb7 38. Rc5 Rbb8 39. Rc7 Rd8 40.
Nf5 Rg8 41. Nge7 Rgd8 42. Nd5 Kh8 43. Rxg7 1-0

[Event "Dortmunder SV 1875-SC 1979 Hattersheim"]
[Site "Osnabrück"]
[Date "2012.12.28"]
[Round "3.1"]
[White "Wilke, Tabea"]
[Black "Hoffmann, Hanna Dorina"]
[Result "1/2-1/2"]
[WhiteElo "1430"]
[BlackElo "1536"]
[PlyCount "85"]
[EventDate "2012.??.??"]
[WhiteTeam "SC 1979 Hattersheim"]
[BlackTeam "Dortmunder SV 1875"]

1. e4 c5 2. Nc3 d6 3. Bb5+ Bd7 4. Bxd7+ Qxd7 5. f4 Nc6 6. d3 Nf6 7. Nf3 Qg4 8.
O-O h5 9. f5 h4 10. Ng5 Nd4 11. Qxg4 Nxg4 12. h3 Nxc2 13. hxg4 Nxa1 14. Nb5 Rb8
15. Rf2 a6 16. Nc7+ Kd7 17. Nxf7 Rg8 18. Nd5 g5 19. e5 dxe5 20. b3 Rg7 21.
Nxe5+ Kd6 22. Bb2 Kxd5 23. Nd7 Rd8 24. Nxf8 Rf7 25. Ne6 Rd6 26. Bxa1 Kc6 27.
Rd2 b6 28. Be5 Rd5 29. d4 Rh7 30. Kh2 Rh6 31. Rc2 Kd7 32. b4 Rxe6 33. fxe6+
Kxe6 34. Bc7 cxd4 35. Bxb6 Kd7 36. Rd2 e5 37. Rd3 Kc6 38. Bc5 Kb5 39. Kg1 Kc4
40. Rd1 Kc3 41. Kf1 d3 42. Be3 e4 43. Bd2+ 1/2-1/2

[Event "TTC Grün-Weiß Fritzdorf-SC Réti Heusweil"]
[Site "Osnabrück"]
[Date "2012.12.28"]
[Round "3.2"]
[White "Bachem, Lisa"]
[Black "Orhan, Eda"]
[Result "1/2-1/2"]
[WhiteElo "1541"]
[BlackElo "1580"]
[PlyCount "44"]
[EventDate "2012.??.??"]
[WhiteTeam "TTC Grün-Weiß Fritzdorf"]
[BlackTeam "SC Réti Heusweiler"]

1. e4 d5 2. exd5 Qxd5 3. Nc3 Qd6 4. Nf3 Nf6 5. Bc4 a6 6. d3 b5 7. Bb3 Bb7 8.
Ng5 e6 9. Nge4 Nxe4 10. Nxe4 Bxe4 11. dxe4 Qxd1+ 12. Kxd1 c5 13. c4 Nc6 14. Be3
Rd8+ 15. Kc1 Be7 16. cxb5 axb5 17. a4 Na5 18. Bd1 b4 19. Ra2 O-O 20. Be2 Rd7
21. Bb5 Rc7 22. f4 Rfc8 1/2-1/2

[Event "SF Paderborn 2000-Chemnitzer SC Aufbau'9"]
[Site "Osnabrück"]
[Date "2012.12.28"]
[Round "3.2"]
[White "Bünte, Ellen"]
[Black "Nitzsche, Pia"]
[Result "1/2-1/2"]
[WhiteElo "1397"]
[BlackElo "1649"]
[PlyCount "43"]
[EventDate "2012.??.??"]
[WhiteTeam "SF Paderborn 2000"]
[BlackTeam "Chemnitzer SC Aufbau'95"]

1. c4 c5 2. Nc3 Nc6 3. g3 g6 4. Bg2 Bg7 5. d3 d6 6. e4 a6 7. a4 Nf6 8. Nge2 O-O
9. O-O Bd7 10. h3 Rb8 11. Be3 Nb4 12. Qd2 b5 13. axb5 axb5 14. b3 Qc8 15. Kh2
Re8 16. f4 Bc6 17. Ra7 bxc4 18. bxc4 Nd7 19. Nd5 Nxd5 20. cxd5 Bb7 21. Rb1 Ba6
22. Rc1 1/2-1/2

[Event "SC Leipzig-Lindenau-SG Blau-Weiß 1948 Le"]
[Site "Osnabrück"]
[Date "2012.12.28"]
[Round "3.1"]
[White "Reck, Jessica"]
[Black "Evers, Annika"]
[Result "0-1"]
[WhiteElo "1288"]
[BlackElo "1842"]
[PlyCount "84"]
[EventDate "2012.??.??"]
[WhiteTeam "SG Blau-Weiß 1948 Leegebruch"]
[BlackTeam "SC Leipzig-Lindenau"]

1. d4 d5 2. c4 c6 3. Nc3 Nf6 4. Bf4 e6 5. c5 b6 6. b4 bxc5 7. bxc5 Qa5 8. Qb3
Nbd7 9. Nf3 Ne4 10. Rc1 Ndxc5 11. dxc5 Bxc5 12. e3 Bb4 13. Bd3 Bxc3+ 14. Rxc3
Qxc3+ 15. Qxc3 Nxc3 16. O-O Bd7 17. Be5 Nxa2 18. Bxg7 Rg8 19. Be5 f5 20. Rb1 c5
21. Ba6 Bc6 22. Ne1 Nb4 23. Be2 Kd7 24. Rc1 c4 25. Rb1 a5 26. g3 Ba4 27. Bd1
Bxd1 28. Rxd1 Rgc8 29. Rc1 Rc6 30. Nf3 Nd3 31. Rd1 Nxe5 32. Nxe5+ Kd6 33. Nxc6
Kxc6 34. Rb1 a4 35. Kf1 a3 36. Ke2 a2 37. Ra1 Kb5 38. Kd2 Kb4 39. Kc2 Ka3 40.
f3 Rb8 41. g4 fxg4 42. fxg4 Rb2+ 0-1

[Event "SC Leipzig-Lindenau-SG Blau-Weiß 1948 Le"]
[Site "Osnabrück"]
[Date "2012.12.28"]
[Round "3.3"]
[White "Sauer, Annika"]
[Black "Spangenberg, Pia"]
[Result "0-1"]
[WhiteElo "1341"]
[BlackElo "1543"]
[PlyCount "90"]
[EventDate "2012.??.??"]
[WhiteTeam "SG Blau-Weiß 1948 Leegebruch"]
[BlackTeam "SC Leipzig-Lindenau"]

1. d4 Nf6 2. Nf3 g6 3. c4 Bg7 4. Nc3 d6 5. Bg5 Bf5 6. e3 Nc6 7. Bd3 Bg4 8. h3
Bd7 9. O-O O-O 10. Qd2 Nb4 11. Ne4 Nxd3 12. Qxd3 Bf5 13. Bxf6 exf6 14. Nfd2 Re8
15. f3 c6 16. d5 Bxe4 17. Nxe4 f5 18. Nc3 Qb6 19. Na4 Qxe3+ 20. Qxe3 Rxe3 21.
Rab1 Rb8 22. b3 Re2 23. Rbc1 c5 24. Nc3 Bd4+ 25. Kh1 Bxc3 26. Rxc3 Rxa2 27. Re1
Kf8 28. Rce3 Ra3 29. Kg1 f4 30. Rd3 Re8 31. Re4 Rxe4 32. fxe4 Ke7 33. Rf3 g5
34. g3 fxg3 35. Rxg3 f6 36. Kf2 h5 37. Ke2 h4 38. Rf3 a5 39. Kd2 a4 40. Kc2
Rxb3 41. Rxb3 axb3+ 42. Kxb3 g4 43. hxg4 h3 44. Ka4 h2 45. Kb5 h1=Q 0-1

[Event "SC Leipzig-Lindenau-SG Blau-Weiß 1948 Le"]
[Site "Osnabrück"]
[Date "2012.12.28"]
[Round "3.4"]
[White "Knöchel, Sarah"]
[Black "Wolff, Marie Antoinette"]
[Result "0-1"]
[WhiteElo "1249"]
[BlackElo "1130"]
[PlyCount "95"]
[EventDate "2012.??.??"]
[WhiteTeam "SC Leipzig-Lindenau"]
[BlackTeam "SG Blau-Weiß 1948 Leegebruch"]

1. e4 c5 2. Nf3 Nc6 3. Bc4 g6 4. O-O Bg7 5. c3 a6 6. d4 cxd4 7. cxd4 e6 8. Nc3
Nge7 9. Be3 O-O 10. Qd2 b5 11. Bb3 Na5 12. Bh6 Nxb3 13. axb3 Bb7 14. Bxg7 Kxg7
15. Rfe1 Qb6 16. Ne5 Rad8 17. Ng4 Ng8 18. e5 Qc6 19. Ne4 f5 20. exf6+ Nxf6 21.
Qh6+ Kh8 22. Ngxf6 Rxf6 23. Qg5 Rff8 24. Re3 Rc8 25. Kf1 Rf5 26. Qg4 Rcf8 27.
Rae1 Qc2 28. Qe2 Bxe4 29. Rxe4 Rxf2+ 30. Kg1 Rxe2 31. R4xe2 Qxb3 32. Rc1 Qd5
33. Rd2 Qg5 34. Rdc2 Qe3+ 35. Kh1 Qxd4 36. b3 Qf4 37. h3 g5 38. Kg1 g4 39. hxg4
Qxg4 40. Rd2 Qf4 41. Rcd1 d5 42. Re2 Rg8 43. Rf1 Qd4+ 44. Kh1 e5 45. Ref2 Qh4+
46. Kg1 Qg3 47. b4 e4 48. Rf5 0-1